La filosofía positiva /
Auguste Comte (1798-1857), filósofo y sociólogo francés, es considerado el fundador de la doctrina positivista y de la disciplina denominada sociología. Manifiesta que el progreso de la sociedad ha transitado por tres estadios: el teológico, el metafísico y el positivo o real. Desde el último estadi...
保存先:
| 第一著者: | |
|---|---|
| その他の著者: | |
| フォーマット: | 図書 |
| 言語: | スペイン語 |
| 出版事項: |
México :
Porrúa,
1986, c1986
|
| 版: | 3a edición |
| シリーズ: | (Sepan Cuántos ;
340) |
| 主題: | |
| タグ: |
タグなし, このレコードへの初めてのタグを付けませんか!
|
MARC
| LEADER | 00000nam^a2200000^a^4500 | ||
|---|---|---|---|
| 001 | 000023419 | ||
| 005 | 20250521000000.0 | ||
| 009 | 20260310084532.831 | ||
| 020 | |a 968-432-371-9 | ||
| 037 | |a Acervo ITESO - Biblioteca | ||
| 041 | |a ESP | ||
| 082 | |a 082. |b POR V. 340 | ||
| 100 | |a Comte, Auguste |e (autor) | ||
| 245 | 1 | 3 | |a La filosofía positiva / |c A. Comte ; introd. y selec. de F. Larroyo. |
| 250 | |a 3a edición | ||
| 264 | 4 | |a México : |b Porrúa, |c 1986, c1986 | |
| 300 | |a LVI, 303 p. | ||
| 336 | |a texto |b txt |2 rdacontenido | ||
| 337 | |a sin mediación |b n |2 rdamedio | ||
| 338 | |a volumen |b nc |2 rdasoporte | ||
| 440 | 1 | |a (Sepan Cuántos ; |v 340) | |
| 520 | |a Auguste Comte (1798-1857), filósofo y sociólogo francés, es considerado el fundador de la doctrina positivista y de la disciplina denominada sociología. Manifiesta que el progreso de la sociedad ha transitado por tres estadios: el teológico, el metafísico y el positivo o real. Desde el último estadio propone el establecimiento de un nuevo orden social sustentado en principios científicos, apelando a la razón y a la ciencia positiva que tienen como punto de partida la observación empírica de la realidad para explicar los fenómenos de la naturaleza y del devenir humano. | ||
| 520 | |a La presente obra selecciona los planteamientos más importantes de su doctrina que ha desarrollado en sendos tratados. | ||
| 649 | |a XX | ||
| 650 | |a Evolución Social | ||
| 650 | |a Orden Social | ||
| 650 | |a Sociología | ||
| 650 | |a Ciencias Sociales | ||
| 650 | |a Epistemología | ||
| 650 | |a Positivismo - |x Tema Principal | ||
| 650 | |a Filosofía del Siglo XIX | ||
| 650 | |a Filosofía Francesa | ||
| 700 | |a Larroyo, Francisco |e (introducción y selección) | ||
| 910 | |a Fondo General | ||
| 920 | |a Impresos - Libros | ||
| 930 | |a Colección General | ||
| 940 | |a Literatura | ||
| 905 | |a 101 | ||
| 901 | |a 0234190100 |b IT1 |c LIT |i 023419 |u 20250521 | ||
| 902 | |a https://opac.biblio.iteso.mx/vufind/Record/000023419 | ||